Pays sans lettre A - Statistiques

Statistiques générales
  • Ce quiz a été pris 1 980 fois
    1 716 depuis la dernière actualisation
  • Le résultat moyen est 42 sur 59
Statistiques - réponses
Sans A % Correct
Russie
92%
Chine
91%
Suède
88%
Brésil
87%
Chili
85%
Inde
85%
Belgique
83%
Norvége
83%
Egypte
82%
Tunisie
82%
Mexique
81%
Corée du Sud
80%
Estonie
80%
Lettonie
80%
Suisse
80%
Corée du Nord
79%
Perou
78%
Grèce
77%
Libye
77%
Turquie
77%
Yemen
76%
Pologne
75%
Biélorussie
74%
Colombie
74%
Indonésie
74%
Luxembourg
72%
Bolivie
71%
Hongrie
71%
Kosovo
71%
Togo
70%
Liechtenstein
68%
Bélize
67%
Benin
67%
Chypre
67%
Fidji
67%
République du Congo
67%
Serbie
67%
Syrie
67%
Erythree
66%
Slovenie
66%
Guinée
65%
Lesotho
65%
Niger
65%
Djibouti
63%
Éthiopie
63%
Koweït
62%
Bosnie- Herzégovine
61%
Mongolie
61%
Republiqué Tchèque
61%
Georgie
60%
Brunei
59%
Comores
59%
Montenegro
59%
Seychelles
59%
Burundi
58%
Philippines
57%
Cote d'Ivoire
52%
Dominique
48%
Micronesie
47%
Aucun quiz correspondant
Distribution des résultats
% des personnes avec chaque résultat
Percentile par nombre de réponses
Votre historique - résultats
Vous n’avez pas pris ce quiz depuis la dernière actualisation